| 000 | 00466nam a2200181Ia 4500 | ||
|---|---|---|---|
| 001 | 44307 | ||
| 008 | 140428s9999 xx 000 0 und d | ||
| 020 | _aNA | ||
| 040 | _cPK-LaUMT | ||
| 082 |
_aRHC 891.4394 _bGHU-A |
||
| 100 | _aGhulam Sayyeddin | ||
| 245 |
_aAandhi mein charaagh (Urdu) _cGhulam Sayyeddin |
||
| 260 |
_aNew Delhi,India: _bTaraqqi Urdyu Beauru, _c1982 |
||
| 300 | _a367 p. | ||
| 546 | _aUR | ||
| 650 | _aPakistani literautre-Urdu | ||
| 942 | _cBK | ||
| 999 |
_c42300 _d42300 |
||